000 00367nam a2200145 a 4500
005 20141022142001.0
008 100916s19uu xx 00 eng d
050 _aDVD
_bL51 2001
100 _aLee, Hau
245 _aSupply Chain Management in the Internet Age.
260 _bStandford University,
_c2001.
650 _aDVD
650 _amanagement
942 _cAVM
999 _c276256
_d276256